| 000 | 00391nam a2200145 i 4500 | ||
|---|---|---|---|
| 001 | 97899 | ||
| 003 | ES-MaACL | ||
| 005 | 20230906182159.0 | ||
| 007 | t| | ||
| 008 | 050719n1941 fr ||||1| fre d | ||
| 245 | 0 | 3 | _aEl Mariscal de Francia Felipe Petain, Jefe del Estado Francès. |
| 260 |
_aParis : _b[s.n.] |
||
| 300 |
_a44 p., 6 lám. ; _c25 cm. |
||
| 852 |
_aES-MaACL _j1833-F-6 _bR.19494 |
||
| 999 |
_c97899 _d97899 |
||